Kraje strefy euro - nagła śmierć - Statystyki

Ogólne statystyki
  • Ten quiz został rozwiązany 105 razy
  • Średni wynik to 12 z 26
Answers on the Grid
Answers color-coded by a green-red scale on the quiz's grid according to % correct below.
Albania
Andora
Austria
Belgia
Białoruś
Bośnia i Hercegowina
Bułgaria
Chorwacja
Cypr
Czarnogóra
Czechy
Dania
Estonia
Finlandia
Francja
Grecja
Hiszpania
Holandia
Irlandia
Islandia
Kosowo
Liechtenstein
Litwa
Luksemburg
Łotwa
Macedonia Północna
Malta
Mołdawia
Monako
Niemcy
Norwegia
Polska
Portugalia
Rosja
Rumunia
San Marino
Serbia
Słowacja
Słowenia
Szwajcaria
Szwecja
Ukraina
Watykan
Węgry
Wielka Brytania
Włochy
 
Statystyki odpowiedzi
Odpowiedź % Poprawnych
Austria
79%
Belgia
79%
Francja
69%
Niemcy
67%
Hiszpania
65%
Holandia
65%
Chorwacja
63%
Portugalia
63%
Włochy
63%
Grecja
60%
Słowacja
52%
Luksemburg
46%
Estonia
44%
Litwa
44%
Irlandia
40%
Andora
38%
Łotwa
38%
Malta
38%
Cypr
33%
San Marino
33%
Słowenia
33%
Finlandia
29%
Watykan
29%
Monako
25%
Czarnogóra
15%
Kosowo
10%
Nie znaleziono quizów pasujących do podanych kryteriów
Rozkład punktacji
Procent ludzi z każdym wynikiem
Percentyl według liczby udzielonych odpowiedzi
Twoja historia wyników
Nie rozwiązałeś tego quizu